[Event "Chess House GM-Tourney 2019"]
[Site "Aarhus"]
[Date "2019.02.10"]
[Round "2.4"]
[White "Bjerre, Jonas Buhl"]
[Black "Zumsande, Martin"]
[Result "1-0"]
[WhiteElo "2432"]
[BlackElo "2492"]
[Annotator "ChessBase"]
[PlyCount "93"]
[EventDate "2019.02.09"]
[EventType "tourn"]
[EventCountry "DEN"]
[SourceTitle "playchess.com"]
[Source "ChessBase"]
[SourceQuality "1"]
[TimeControl "40/5400+30:1800+30"]

1. e4 {[%emt 0:00:00]} e6 {[%emt 0:00:00]} 2. d4 {[%emt 0:00:00]} d5 {[%emt 0:00:00]} 3. Nd2 {[%emt 0:00:00]} Be7 {[%emt 0:00:00]} 4. e5 {[%emt 0:00:31]} c5 {[%emt 0:00:00]} 5. c3 {[%emt 0:00:05]} Nc6 {[%emt 0:00:24]} 6. Bd3 {[%emt 0:00:48]} Bd7 {[%emt 0:00:31]} 7. Ne2 {[%emt 0:01:08]} f6 {[%emt 0:02:40]} 8. f4 {[%emt 0:06:46]} Qb6 {[%emt 0:01:53]} 9. Nf3 {[%emt 0:01:36]} Nh6 {[%emt 0:01:34]} 10. O-O {[%emt 0:08:21]} O-O {[%emt 0:08:18]} 11. Kh1 {[%emt 0:12:27]} cxd4 {[%emt 0:02:05]} 12. Nexd4 {[%emt 0:04:28]} fxe5 {[%emt 0:12:09]} 13. Nxe5 {[%emt 0:08:33]} Nxe5 {[%emt 0:04:01]} 14. fxe5 {[%emt 0:00:09]} Rxf1+ {[%emt 0:01:28]} 15. Qxf1 {[%emt 0:00:40]} Rf8 {[%emt 0:09:47]} 16. Qe2 {[%emt 0:00:58]} Nf5 {[%emt 0:06:52]} 17. Bxf5 {[%emt 0:04:04]} exf5 {[%emt 0:00:11]} 18. Qf3 {[%emt 0:02:31]} Kh8 {[%emt 0:17:44]} 19. Qxd5 {[%emt 0:05:25]} Bc6 {[%emt 0:04:16]} 20. Qe6 {[%emt 0:07:35]} Qd8 {[%emt 0:05:25]} 21. Qc4 {[%emt 0:05:18]} Bd5 {[%emt 0:00:17]} 22. Qe2 {[%emt 0:00:41]} Bc5 {[%emt 0:02:39]} 23. Nf3 {[%emt 0:05:53]} Bc4 {[%emt 0:04:14]} 24. Qe1 {[%emt 0:03:09]} Qb6 {[%emt 0:00:31]} 25. b3 {[%emt 0:03:36]} Bf2 {[%emt 0:01:51]} 26. Be3 {[%emt 0:02:13]} Bxe3 {[%emt 0:03:16]} 27. bxc4 {[%emt 0:00:09]} f4 {[%emt 0:00:25]} 28. Rd1 {[%emt 0:01:43]} h6 {[%emt 0:02:20]} 29. Qe2 {[%emt 0:02:50]} Rd8 {[%emt 0:03:39]} 30. Rd5 {[%emt 0:02:47]} Re8 {[%emt 0:02:48]} 31. Qc2 {[%emt 0:02:10]} Qa6 {[%emt 0:01:01]} 32. Qb3 {[%emt 0:02:55]} Rc8 {[%emt 0:00:51]} 33. h4 {[%emt 0:01:52]} Qg6 {[%emt 0:01:56]} 34. Qxb7 {[%emt 0:01:15]} Rg8 {[%emt 0:01:07]} 35. Rd1 {[%emt 0:01:28]} Qc2 {[%emt 0:00:27]} 36. Qd5 {[%emt 0:00:38]} Qxc3 {[%emt 0:00:29]} 37. e6 {[%emt 0:00:39]} Qf6 {[%emt 0:00:22]} 38. Qd7 {[%emt 0:01:14]} Bc5 {[%emt 0:00:14]} 39. Qf7 {[%emt 0:01:36]} Rf8 {[%emt 0:00:41]} 40. Qxf6 {[%emt 0:00:31]} Rxf6 {[%emt 0:00:01]} 41. Rd5 {[%emt 0:30:29]} Be7 {[%emt 0:02:14]} 42. Nd4 {[%emt 0:00:00]} Rf8 {[%emt 0:00:40]} 43. h5 {[%emt 0:00:00]} Rc8 {[%emt 0:06:59]} 44. Nf5 {[%emt 0:00:00]} Bf6 {[%emt 0:00:20]} 45. e7 {[%emt 0:00:00]} Rb8 {[%emt 0:00:52]} 46. c5 {[%emt 0:00:00]} Kg8 {[%emt 0:00:35]} 47. c6 {[%emt 0:00:00]} 1-0

[Event "Chess House GM-Tourney 2019"]
[Site "Aarhus"]
[Date "2019.02.10"]
[Round "2.5"]
[White "Olsen, Filip Boe"]
[Black "Ochsner, Bjorn Moller"]
[Result "1/2-1/2"]
[WhiteElo "2397"]
[BlackElo "2476"]
[Annotator "TA"]
[PlyCount "116"]
[EventDate "2019.02.09"]
[EventType "tourn"]
[EventCountry "DEN"]
[SourceTitle "playchess.com"]
[Source "ChessBase"]
[SourceQuality "1"]

{[%evp 9,116,14,24,22,25,19,25,0,6,-1,0,0,40,37,46,46,46,49,44,55,112,43,47,-23,49,45,71,79,70,33,44,36,59,50,35,0,0,0,0,0,2,0,0,0,0,0,0,0,0,-12,0,0,0,0,10,16,19,0,0,0,0,0,0,0,0,0,0,0,0,0,0,0,0,0,0,0,0,0,0,0,0,0,0,0,0,0,0,0,0,0,0,0,0,0,0,0,0,0,0,0,0,0,0,0,0,0,0,0,0]} 1. d4 d5 2. c4 e6 3. Nc3 Bb4 4. cxd5 exd5 5. Bf4 c6 6. e3 {D31: Queen's Gambit Declined: Semi-Slav without ...Nf6 (+ Marshall Gambit and Noteboom) and Exchange Variation lines without ...Nf6} Ne7 (6... Bf5 7. Bd3 Bxd3 8. Qxd3 Ne7 9. Nge2 Nd7 10. O-O O-O 11. a3 Ba5 12. Rfc1 a6 13. Bg5 {½-½ (74) Andreikin,D (2708)-Fedoseev,V (2731) Sochi 2017}) 7. h4 O-O 8. h5 $146 {White has an edge.} ({Predecessor:} 8. a3 Bd6 9. Qf3 Bxf4 10. Qxf4 Qd7 11. Bd3 Qg4 12. Qh2 Qe6 13. Nf3 {1-0 (28) Santos Ruiz,M (2524)-Gavrilescu,D (2470) Manavgat 2018}) 8... h6 9. g4 Qa5 10. f3 Bxc3+ 11. bxc3 Qxc3+ 12. Kf2 f6 13. Bd3 {[%mdl 1024] White has compensation.} Re8 14. Ne2 Qa3 (14... Qa5 $14) 15. Qc2 ({White should play} 15. Qd2 $16) 15... Na6 16. Bg6 (16. Qd2 $14) 16... Rd8 (16... Nb4 $1 $11 17. Qb1 Nxg6 18. Qxg6 Nd3+ 19. Kg3 Re7 20. Bxh6 Bd7) 17. Rhb1 b5 18. Rb3 Qa5 19. Ng3 Bd7 20. Nf5 Bxf5 $1 21. Bxf5 Kh8 ({But not} 21... Nxf5 22. Qxf5 Nc7 {[#]} 23. Bxh6 $1 $16 {[%mdl 512]}) 22. a4 b4 $1 {White must now prevent ...c5.The position is equal.} 23. Bd3 c5 24. Bxa6 $1 c4 $1 {[%cal Rc4b3]} 25. Rxb4 Qxb4 26. Rb1 Qa3 27. Bb7 Rab8 $1 28. Bxb8 Rxb8 29. e4 $1 Qd6 30. Kg2 dxe4 31. Bxe4 Rb4 32. Rxb4 Qxb4 33. Bg6 f5 34. Bxf5 Nxf5 35. gxf5 $11 {[%mdl 4096] Endgame KQ-KQ} c3 {[#] Strongly threatening ...Qb2.} 36. Qe4 {Threatens to win with Qe8+.} Qxa4 37. Qa8+ Kh7 38. Qe4 Qa2+ 39. Kg3 {f6+ would kill now.} Qf7 40. f6+ Kg8 41. Qa8+ Kh7 42. Qe4+ Kh8 43. Qa8+ Qg8 44. Qxa7 {Hoping for f7.} gxf6+ 45. Kf2 Qc4 {And now ...c2 would win.} 46. Qd7 Qa2+ 47. Kf1 Qa8 48. Kf2 c2 49. Qc7 Qa4 50. Ke3 Qe8+ 51. Kf2 Qa4 52. Ke3 Qe8+ 53. Kf2 Qxh5 54. Qc8+ Kg7 55. Qc7+ Kf8 56. Qc8+ Kg7 {aiming for ...Qh2+.} 57. Qc7+ Kf8 58. Qc8+ Kg7 {Accuracy: White = 64%, Black = 56%.} 1/2-1/2

[Event "Chess House GM-Tourney 2019"]
[Site "Aarhus"]
[Date "2019.02.11"]
[Round "3.1"]
[White "Ochsner, Bjorn Moller"]
[Black "Bjerre, Jonas Buhl"]
[Result "1/2-1/2"]
[WhiteElo "2476"]
[BlackElo "2432"]
[Annotator "TA"]
[PlyCount "60"]
[EventDate "2019.02.09"]
[EventType "tourn"]
[EventCountry "DEN"]
[SourceTitle "playchess.com"]
[Source "ChessBase"]
[SourceQuality "1"]

{[%evp 11,60,15,25,19,34,34,34,20,26,31,28,26,15,26,30,0,29,8,0,0,21,19,25,17,32,44,35,32,35,26,36,31,30,0,0,-27,15,10,6,12,15,14,48,8,8,8,6,14,19,0,0]} 1. d4 Nf6 2. c4 e6 3. Nf3 Bb4+ 4. Bd2 a5 5. a3 Bxd2+ 6. Qxd2 d6 7. Nc3 {E11: Bogo-Indian} O-O (7... Nc6 8. e4 O-O 9. Bd3 e5 10. d5 Nb8 11. O-O Na6 12. Bc2 Bg4 13. Ne1 c6 14. Nd3 Rc8 {½-½ (27) Cruz,C (2564)-Delgado Ramirez,N (2623) Antofagasta 2019}) 8. Rd1 Qe7 9. e4 {White is slightly better.} e5 10. dxe5 dxe5 11. Nd5 Nxd5 12. cxd5 Bg4 13. Qe3 $146 ({Predecessor:} 13. Be2 Bxf3 14. Bxf3 Nd7 {½-½ (55) Cox,J (2368)-Smith,B (2482) Douglas 2014}) 13... Nd7 14. Rc1 {[%cal Bd1c1,Bc1c4,Bc4g4][%mdl 32]} Bxf3 15. Qxf3 Nc5 16. Qe3 b6 17. Bb5 a4 18. Bc6 Rad8 19. Rc4 f5 20. exf5 Rxf5 21. O-O Qd6 22. Rg4 e4 23. Qd4 {[%csl Gg4][%cal Rd4g7] [#]} Qf6 (23... g6 $5 {[%cal Rd6c6]} 24. Qc3 Rdf8 $15) 24. Qxf6 Rxf6 25. Rg3 Rdf8 26. Re3 Rf4 27. h3 R8f6 {The position is equal.} 28. Re2 Kf8 29. Rd1 Ke7 30. f3 {And now fxe4 would win.} Kd6 {Accuracy: White = 70%, Black = 76%.} 1/2-1/2

[Event "Chess House GM-Tourney 2019"]
[Site "Aarhus"]
[Date "2019.02.11"]
[Round "3.2"]
[White "Kollars, Dmitrij"]
[Black "Olsen, Filip Boe"]
[Result "1-0"]
[WhiteElo "2567"]
[BlackElo "2397"]
[Annotator "TA"]
[PlyCount "99"]
[EventDate "2019.02.09"]
[EventType "tourn"]
[EventCountry "DEN"]
[SourceTitle "playchess.com"]
[Source "ChessBase"]
[SourceQuality "1"]

{[%evp 10,99,20,21,24,25,33,24,34,33,36,30,35,25,22,21,22,29,37,11,24,14,43,36,26,10,28,31,114,111,110,98,122,122,141,113,122,79,78,88,89,71,69,64,105,101,160,148,187,180,188,180,172,189,206,200,196,107,124,120,156,162,169,172,160,132,218,225,225,197,236,209,346,335,387,400,692,669,616,596,746,743,744,674,709,682,710,598,531,412,758,514]} 1. e4 c6 2. d4 d5 3. e5 Bf5 4. Nd2 e6 5. Nb3 Nd7 6. Nf3 h6 {B12: Caro-Kann: Advance Variation} 7. Be2 Ne7 8. O-O g5 {White has an edge.} 9. a4 Qc7 10. Bd2 a5 11. Ne1 c5 12. Nxc5 Nxc5 13. dxc5 Bg7 14. Bb5+ Kf8 {[#]} 15. Nd3 $146 Bxd3 16. Bxd3 Bxe5 {[%mdl 64] [#] Double Attack} 17. Qh5 Qxc5 18. Kh1 Bf4 (18... Bxb2 $14 19. Rab1 Bf6) 19. Bxf4 $16 gxf4 20. Qe5 Rg8 21. Qxf4 Rg5 22. Qh4 Nf5 23. Bxf5 Rxf5 24. Qxh6+ Ke7 25. Qh4+ Kd7 26. c3 Rg8 27. Rad1 Rfg5 (27... Rc8 $142) 28. g3 Rg4 29. Qf6 Ke8 30. Rfe1 R8g6 31. Qe5 {[#] Black must now prevent Rxd5.} Kd7 32. Rd4 Rxd4 33. Qxd4 ({White should play} 33. cxd4 $18 Qd6 34. Qh8) 33... Qxd4 34. cxd4 $18 {[%mdl 4096] Endgame KR-KR} Rg8 35. Rc1 Rg4 36. f4 Rg8 37. Kg2 f5 (37... Rb8 $16) 38. h4 Rh8 39. Rc5 b6 40. Rb5 Rb8 (40... Kc6 $142 41. b4 axb4) 41. Kh3 Kc6 42. h5 Rg8 (42... Kd6 $142 43. Kh4 Ke7) 43. b4 axb4 44. Rxb4 Rg7 45. Rb2 Rg8 46. Rg2 Rg4 47. Rh2 Rg7 48. Rh1 Rg8 49. Kg2 Rg7 (49... Kd7 $142 50. h6 Ke8) 50. Kf3 {Accuracy: White = 88%, Black = 41%.} 1-0

[Event "Chess House GM-Tourney 2019"]
[Site "Aarhus"]
[Date "2019.02.11"]
[Round "3.3"]
[White "Kotronias, Vasilios"]
[Black "Grivas, Efstratios"]
[Result "1/2-1/2"]
[WhiteElo "2486"]
[BlackElo "2413"]
[Annotator "TA"]
[PlyCount "60"]
[EventDate "2019.02.09"]
[EventType "tourn"]
[EventCountry "DEN"]
[SourceTitle "playchess.com"]
[Source "ChessBase"]
[SourceQuality "1"]

{[%evp 18,60,14,12,17,8,13,-16,-10,-27,0,0,0,-1,0,0,14,16,10,23,27,26,23,12,12,12,12,9,9,1,0,0,0,0,0,0,0,0,0,0,0,0,0,0,0]} 1. e4 e5 2. Nf3 Nc6 3. Bb5 a6 4. Ba4 Nf6 5. O-O Nxe4 6. d4 b5 7. Bb3 d5 8. dxe5 Be6 9. Be3 Bc5 10. Qd3 O-O {C80: Open Ruy Lopez: Sidelines and 9 Nbd2} 11. Nbd2 (11. Nc3 Nb4 12. Qe2 Nxc3 13. bxc3 Bxe3 14. Qxe3 Nc6 15. a4 Qe7 16. Rfd1 Rfd8 17. h3 h6 18. Nd4 Nxd4 19. cxd4 {½-½ (43) Svidler,P (2746)-Carlsen,M (2765) Baku 2008}) (11. Nc3 Nb4 12. Qe2 Nxc3 13. bxc3 Bxe3 14. Qxe3 Nc6 15. Qc5 Qd7 16. a4 {½-½ (16) Kotronias,V (2590)-Grivas,E (2505) Rhodos 1993}) 11... Nxd2 12. Qxd2 d4 13. Bf4 {[#]} Qd7 $146 ({Predecessor:} 13... Bxb3 14. axb3 Qd5 {½-½ (14) Georgiev,K (2475)-Grivas,E (2505) Athens 1993}) 14. Ng5 Bc4 15. Bxc4 bxc4 16. Qe2 Qf5 17. Qxc4 Qxf4 18. Qxc5 {[#] Hoping for e6.} Qxg5 19. Qxc6 Qxe5 20. Rfe1 Qb5 {The position is equal.} 21. Qxb5 axb5 $11 {[%mdl 4096] Endgame KRR-KRR} 22. Re5 Rfe8 23. Rxb5 {next h3 is good for White.} Rxa2 {[%cal Ra2a1] [#]} 24. Rd1 c6 25. Rc5 Rxb2 26. Rxc6 h5 27. g3 Re2 28. Rxd4 Rexc2 29. Rxc2 Rxc2 30. h4 g6 {Precision: White = 85%, Black = 87%.} 1/2-1/2

[Event "Chess House GM-Tourney 2019"]
[Site "Aarhus"]
[Date "2019.02.11"]
[Round "3.4"]
[White "Thybo, Jesper Sondergaard"]
[Black "Bach, Matthias"]
[Result "1-0"]
[WhiteElo "2517"]
[BlackElo "2307"]
[Annotator "TA"]
[PlyCount "67"]
[EventDate "2019.02.09"]
[EventType "tourn"]
[EventCountry "DEN"]
[SourceTitle "playchess.com"]
[Source "ChessBase"]
[SourceQuality "1"]

{[%evp 11,67,20,19,17,18,17,76,23,30,22,33,24,24,16,21,19,20,22,32,22,43,41,56,69,77,81,102,80,198,189,224,233,195,213,201,232,189,171,266,264,242,256,249,234,367,368,365,338,346,335,357,332,547,513,527,531,687,688]} 1. c4 Nf6 2. Nc3 e6 3. e4 d5 4. cxd5 exd5 5. e5 Ne4 6. Nf3 Nxc3 7. dxc3 {A18: English Opening: Flohr-Mikenas System (1 c4 Nf6 2 Nc3 e6 3 e4)} (7. bxc3 Be7 8. d4 c5 9. Be2 Nc6 10. O-O O-O 11. dxc5 Bxc5 12. Bg5 Qa5 13. Qc2 Bg4 14. Bf4 h6 {½-½ (52) Gelfand,B (2697)-Esipenko,A (2564) Moscow 2017}) 7... Be7 8. Bd3 Na6 $146 (8... c5 $11) ({Predecessor:} 8... c5 9. O-O Nc6 10. Re1 Be6 {½-½ (10) Ghosh,D (2544)-Debashis,D (2538) New Delhi 2019}) 9. b4 (9. Nd4 $16) 9... c5 $11 10. a3 O-O 11. h3 b6 12. O-O Nc7 13. Qc2 $36 {[%mdl 2048] White has good play.} g6 14. Bh6 Re8 15. Rad1 a5 {[%cal Ra5b4]} 16. b5 Bd7 17. a4 Qc8 18. Nh2 Ra7 19. Kh1 d4 {[#]} (19... Bd8 $16) 20. f4 $1 $18 Bf5 21. cxd4 cxd4 22. Bxf5 Qxf5 23. Qxf5 gxf5 24. Nf3 ({Don't take} 24. Rxd4 Ne6 $16) 24... Nd5 (24... Ne6 {keeps fighting.}) 25. Rxd4 Nc3 26. Rc4 Ne4 27. Kh2 Bc5 (27... Rd7 {was necessary.} 28. Rc6 Rb8) 28. g4 fxg4 29. hxg4 (29. Rxe4 f5 $16) 29... Nf2 30. Kg3 Nd3 31. Ng5 Nb2 $2 (31... Rb8 32. Ne4 Be7) 32. Rc2 {White is clearly winning.} Nxa4 33. Ra1 {[%mdl 64] [#] Trapped Piece} f6 34. Ne4 {Accuracy: White = 67%, Black = 34%.} ({Weaker is} 34. Rxa4 fxg5 35. Bxg5 Rd7 $18) 1-0

[Event "Chess House GM-Tourney 2019"]
[Site "Aarhus"]
[Date "2019.02.11"]
[Round "3.5"]
[White "Zumsande, Martin"]
[Black "Fries-Nielsen, Jens Ove"]
[Result "0-1"]
[WhiteElo "2492"]
[BlackElo "2371"]
[Annotator "TA"]
[PlyCount "82"]
[EventDate "2019.02.09"]
[EventType "tourn"]
[EventCountry "DEN"]
[SourceTitle "playchess.com"]
[Source "ChessBase"]
[SourceQuality "1"]

{[%evp 9,82,78,88,56,65,57,72,66,60,59,66,69,52,21,29,10,55,14,10,9,20,31,16,10,15,20,31,6,3,0,12,0,0,-39,-31,-38,-27,-20,0,-80,-71,-85,-86,-88,-79,-125,0,0,59,-276,-298,-277,-241,-328,-335,-345,-327,-413,-417,-413,-426,-416,-399,-392,-389,-501,-502,-593,-591,-578,-574,-666,-627,-556,-531]} 1. e4 g6 2. d4 Bg7 3. Nc3 a5 (3... d6 4. Be3 c6 5. a4 d5 6. h3 dxe4 7. Nxe4 Bf5 8. Ng3 Be6 9. Nf3 Nf6 10. Be2 Nd5 11. Bd2 Qc7 12. Qc1 h6 13. c4 {1-0 (45) Caruana,F (2832)-Aronian,L (2765) London 2018}) 4. Be3 a4 $146 ({Predecessor:} 4... c6 5. a4 d5 6. exd5 cxd5 7. Nf3 Nc6 8. Nb5 Nf6 9. c3 O-O 10. Bd3 Ng4 11. Bf4 {½-½ (37) Boe,M (2301)-Fries Nielsen,J (2358) Ballerup 2018}) 5. a3 c6 6. Bc4 {B06: Modern Defence} d6 7. Nge2 Nf6 8. f3 {[%cal Bf2f3,Bf3e4][%mdl 32] White is better.} d5 9. Ba2 dxe4 10. fxe4 Ng4 11. Qd2 Nxe3 12. Qxe3 e5 {[%cal Re5d4]} 13. O-O (13. d5 {is more complex.} Qh4+ 14. g3 Qe7 15. O-O-O Bh3 16. d6) 13... O-O {[%cal Re5d4]} 14. d5 Nd7 15. Rad1 Qe7 16. Kh1 Nf6 17. h3 Kh8 18. Rf3 cxd5 19. Bxd5 Ne8 20. Ba2 Nc7 21. Nd5 Nxd5 22. Bxd5 f5 23. Qb6 f4 24. Qb4 (24. Rc3 $11) 24... Qh4 $17 25. Ng1 g5 26. Qe7 ({Don't blunder} 26. Bxb7 $2 Rb8 $19) 26... Qh6 27. Bxb7 g4 (27... Ra7 $17 28. Qxf8+ Bxf8 29. Bxc8 Qb6) 28. Bxa8 $11 Bf6 ({Black should play} 28... gxf3 $11 29. Nxf3 Bg4) 29. Qd6 $2 {[%mdl 8192]} (29. Qa7 $14 gxf3 30. Nxf3) 29... gxf3 $19 30. Nxf3 {[#] Hoping for Bd5.} Bg4 $1 $40 {[%cal Rg4f3][%mdl 128] Black has strong attack.} 31. Rd3 {aiming for Bd5.} Bxf3 $1 ({Less strong is} 31... Rxa8 32. Nxe5 Bh5 33. Nd7 $17) 32. Rxf3 {Black must now prevent Bd5.} Rxa8 33. Rd3 Qg5 34. Qb4 Rg8 {[%csl Gg8][%cal Rg5g2] [#]} 35. Qd2 Qg6 36. Qe2 Bh4 37. Rd5 Qg3 {( -> ...f3!). Black is clearly winning.} 38. Rd3 Qf2 39. Qxf2 Bxf2 40. b3 Rc8 41. bxa4 Rxc2 {Precision: White = 49%, Black = 78%.} 0-1

[Event "Chess House GM-Tourney 2019"]
[Site "Aarhus"]
[Date "2019.02.12"]
[Round "4.1"]
[White "Kollars, Dmitrij"]
[Black "Thybo, Jesper Sondergaard"]
[Result "0-1"]
[WhiteElo "2567"]
[BlackElo "2517"]
[Annotator "TA"]
[PlyCount "64"]
[EventDate "2019.02.09"]
[EventType "tourn"]
[EventCountry "DEN"]
[SourceTitle "playchess.com"]
[Source "ChessBase"]
[SourceQuality "1"]

{[%evp 30,64,33,31,20,0,0,0,0,26,23,10,0,16,29,0,0,0,4,0,0,0,0,0,0,0,0,-223,-239,-765,-783,-770,-765,-760,-754,-1349,-1355]} 1. e4 c5 2. Nf3 d6 3. d4 cxd4 4. Nxd4 Nf6 5. Nc3 Nc6 6. Bg5 e6 7. Qd2 a6 8. O-O-O Bd7 9. f4 {[%cal Bf2f4,Bf4f5][%mdl 32]} Be7 10. Nf3 b5 11. Bxf6 gxf6 12. f5 Qb6 13. Kb1 O-O-O 14. g3 Kb8 15. fxe6 fxe6 16. Bh3 Na5 {[%cal Bc6a5,Ba5c4,Bc4a3][%mdl 32] B69: Sicilian: Richter-Rauzer: 7...a6 8 0-0-0 Bd7 9 f4 Be7 10 Nf3 b5 11 Bxf6} 17. Nd4 (17. Rhe1 b4 18. Ne2 e5 19. Bxd7 Rxd7 20. Qd5 Rc8 21. b3 Rdc7 22. Rd2 Nc6 23. Nh4 Na7 24. Nf5 {0-1 (60) Le,Q (2715)-Gupta,A (2588) Douglas 2018}) 17... b4 $1 {[%cal Rb4c3]} 18. Nce2 e5 {The position is equal.} 19. Bxd7 Rxd7 20. Nf5 Nc4 $40 {[%mdl 128] Black attacks.} 21. Qd3 Rc8 {[#]} 22. Ka1 $146 ({Predecessor:} 22. Nc1 Bf8 23. Nb3 Rdc7 24. Nd2 Nxb2 25. Kxb2 {½-½ (35) Ortiz Suarez,I (2514)-Ruiz Sanchez,O (2385) Merida 2018}) 22... a5 23. b3 Na3 24. c4 Bf8 25. Kb2 a4 26. Ne3 {Rhf1 is the strong threat.} Qa6 27. Nd5 {Threatens to win with Rhf1.} Ra7 {White must now prevent ...axb3.} 28. Nxb4 $2 {[#]} (28. Ra1 $1 $11) 28... Qb7 $19 29. Nc2 $2 (29. Kxa3 axb3+ 30. Kb2 (30. Kxb3 d5 $17) 30... Qxb4 31. Qxb3) 29... Nxc4+ {Black is clearly winning.} 30. Kb1 axb3 31. Qxb3 Na5 32. Qb4 d5 {Precision: White = 37%, Black = 100%.} 0-1

[Event "Chess House GM-Tourney 2019"]
[Site "Aarhus"]
[Date "2019.02.12"]
[Round "4.2"]
[White "Olsen, Filip Boe"]
[Black "Bjerre, Jonas Buhl"]
[Result "1/2-1/2"]
[WhiteElo "2397"]
[BlackElo "2432"]
[Annotator "TA"]
[PlyCount "22"]
[EventDate "2019.02.09"]
[EventType "tourn"]
[EventCountry "DEN"]
[SourceTitle "playchess.com"]
[Source "ChessBase"]
[SourceQuality "1"]

{[%evp 20,22,0,0,0]} 1. Nf3 Nf6 2. c4 c5 3. Nc3 d5 4. cxd5 Nxd5 5. e4 Nb4 6. Bc4 Nd3+ 7. Ke2 Nf4+ 8. Kf1 Nd3 $146 ({Predecessor:} 8... Ne6 9. d4 cxd4 10. Bxe6 Bxe6 11. Nxd4 Nc6 12. Nxe6 Qxd1+ 13. Nxd1 fxe6 14. Bd2 e5 15. f3 {½-½ (58) Aronian,L (2765)-Vachier Lagrave,M (2781) London 2018}) 9. Ke2 Nf4+ 10. Kf1 Nd3 11. Ke2 Nf4+ {A34: Symmetrical English: 2 Nc3, lines with ...d5} 1/2-1/2

[Event "Chess House GM-Tourney 2019"]
[Site "Aarhus"]
[Date "2019.02.12"]
[Round "4.3"]
[White "Fries-Nielsen, Jens Ove"]
[Black "Ochsner, Bjorn Moller"]
[Result "0-1"]
[WhiteElo "2371"]
[BlackElo "2476"]
[Annotator "TA"]
[PlyCount "54"]
[EventDate "2019.02.09"]
[EventType "tourn"]
[EventCountry "DEN"]
[SourceTitle "playchess.com"]
[Source "ChessBase"]
[SourceQuality "1"]

{[%evp 16,54,4,-12,27,22,34,25,96,39,56,39,66,25,31,-89,-120,-112,-94,-225,-226,-275,-275,-261,-276,-254,-276,-310,-310,-406,-411,-374,-365,-475,-476,-505,-420,-390,0,-483,-468]} 1. e4 c5 2. Nf3 d6 3. Bc4 Nf6 4. d3 Nc6 5. c3 g6 6. O-O Bg7 7. Bb3 O-O 8. Re1 b5 {B50: Sicilian: 2...d6, Miscellaneous} 9. d4 {LiveBook: 3 Games} c4 $146 ({Predecessor:} 9... Bg4 10. Be3 cxd4 11. cxd4 Na5 12. Nc3 b4 13. Nd5 Nxe4 14. Bf4 e6 15. Rxe4 exd5 16. Bxd5 {0-1 (43) Bergez,L (2395)-Smirnov,P (2623) Fuegen 2006}) 10. Bc2 d5 {The position is equal.} 11. e5 Ne4 (11... Ne8 $11) 12. Nbd2 ({White should play} 12. Bxe4 $16 {aiming for Bc2.} dxe4 13. Rxe4) 12... f5 13. exf6 $1 Nxd2 14. f7+ (14. Nxd2 Bxf6 15. Nf1 e5 $11) (14. Bxd2 $5 {[%cal Rf6g7]} Rxf6 15. h3 $14) 14... Rxf7 15. Ng5 {[#]} ({Much weaker is} 15. Bxd2 Bg4 $17) (15. Qxd2 $14 {was forced to keep a grip.} Qd6 16. Qg5) 15... Nf3+ $1 $17 {[%mdl 512]} 16. gxf3 Rf6 17. Kh1 (17. f4 $17) 17... h6 $19 18. Rg1 Qd6 ({Don't do} 18... hxg5 19. Bxg5 Rd6 20. Bf4 $19) 19. Rg3 hxg5 20. Bxg5 Rf7 21. Qd2 Bf5 22. Bxf5 Rxf5 ({Stronger than} 22... gxf5 23. Rag1 $11) 23. Rag1 Kf7 24. f4 Rh8 25. Qe2 Bh6 26. Rh3 Bg7 27. Rhg3 $1 Bf6 {Precision: White = 25%, Black = 67%.} 0-1

[Event "Chess House GM-Tourney 2019"]
[Site "Aarhus"]
[Date "2019.02.12"]
[Round "4.4"]
[White "Grivas, Efstratios"]
[Black "Zumsande, Martin"]
[Result "1/2-1/2"]
[WhiteElo "2413"]
[BlackElo "2492"]
[Annotator "TA"]
[PlyCount "83"]
[EventDate "2019.02.09"]
[EventType "tourn"]
[EventCountry "DEN"]
[SourceTitle "playchess.com"]
[Source "ChessBase"]
[SourceQuality "1"]

{[%evp 28,83,-24,-24,0,-4,0,-11,-4,0,0,0,0,-23,0,-7,0,-16,0,-12,-13,-10,0,0,0,0,0,0,0,0,0,0,0,0,0,0,0,0,0,0,0,0,0,0,0,0,0,0,0,0,0,0,0,0,0,0,0,0]} 1. d4 d5 2. c4 e6 3. Nf3 Nf6 4. Nc3 Be7 5. Bg5 h6 6. Bh4 O-O 7. e3 b6 8. Rc1 Bb7 9. cxd5 Nxd5 10. Bxe7 Qxe7 11. Nxd5 Bxd5 12. Bc4 Bxf3 13. gxf3 Nd7 14. Qa4 c5 15. Bb5 Rfd8 {D59: Queen's Gambit Declined: Tartakower Defence: Main line (8 cxd5 Nxd5)} 16. Ke2 Nf6 $146 ({Predecessor:} 16... cxd4 17. Rc7 d3+ 18. Kf1 Qf6 19. Rxd7 Qxf3 20. Bc6 Qe2+ 21. Kg2 Rxd7 22. Bxd7 Rd8 23. Bc6 b5 24. Qd1 Qxb2 25. Qb3 Qf6 26. Rd1 Qg6+ 27. Kf1 a6 {½-½ (27) Spiess,G (2377)-Konopka,M (2433) Germany 2008}) 17. dxc5 bxc5 18. Rhd1 Rab8 19. Rxd8+ Rxd8 20. Qa3 Rd5 21. Qa6 {The position is equal.} g6 22. Bc6 Rd8 23. Ba4 Nd5 24. Qa5 Qf6 25. Rxc5 Qxb2+ 26. Rc2 Qb8 27. Bb3 Nb6 28. f4 Qb7 29. Qe5 Rc8 30. Rxc8+ Nxc8 31. h4 h5 32. f5 Qa6+ 33. Ke1 {[%cal Rf5e6]} gxf5 34. Qg3+ Kf8 35. Qg5 Nd6 36. Qxh5 Ne4 37. Qh8+ Ke7 {[#] ( -> ...Qa5+)} 38. Qd4 Qa5+ 39. Kf1 Qb5+ 40. Ke1 $1 Qa5+ 41. Ke2 Qb5+ 42. Ke1 {Precision: White = 77%, Black = 60%.} 1/2-1/2